000 00255 a2200097 4500
001 32886
100 _aTrivedi,S.D
245 _aComprehensive Differential Equations
260 _aNew Delhi
_bDominant Publishers and Distributors
_c
090 _c22044
_d22044
942 _aNUST-CAE
_cM
_c13386
999 _c267959
_d267959